| 000 | 01110cam a2200313 a 4500 | ||
|---|---|---|---|
| 001 | 900600 | ||
| 003 | OSt | ||
| 005 | 20230703110213.0 | ||
| 008 | 821129s1982 nyu 001 0 eng | ||
| 010 | _a 81084665 | ||
| 020 | _a0895771373 | ||
| 040 |
_aDLC _cDLC _dDLC |
||
| 043 | _an-us--- | ||
| 050 | 0 | 0 |
_aHC110.P63 _bY68 1982 |
| 082 | 0 | 0 |
_a349.4 _bYOU |
| 245 | 0 | 0 |
_aYou and your rights / _c[edited and designed by Maxwell Associates with the editors of the Reader's Digest Association, Inc. ; editor, James A. Maxwell]. |
| 260 |
_aPleasantville, N.Y. : _bReader's Digest Association, _cc1982. |
||
| 300 |
_a448 p. ; _c25 cm. |
||
| 500 | _aAt head of title: Reader's digest. | ||
| 500 | _aIncludes index. | ||
| 650 | 0 |
_aEconomic assistance, Domestic _zUnited States _xHandbooks, manuals, etc. |
|
| 651 | 0 |
_aUnited States _xSocial policy _y1980-1993 _xHandbooks, manuals, etc. |
|
| 700 | 1 |
_aMaxwell, James A., _d1912- |
|
| 710 | 2 | _aMaxwell Associates. | |
| 710 | 2 | _aReader's Digest Association. | |
| 730 | 0 | _aReader's digest. | |
| 906 |
_a7 _bcbc _corignew _d2 _eopcn _f19 _gy-gencatlg |
||
| 942 |
_2ddc _cBK |
||
| 999 |
_c3234 _d3234 |
||